[Event "Montreal zt"]
[Site "Montreal"]
[Date "1981.??.??"]
[Round "?"]
[White "Piasetski, Leon David"]
[Black "Barbeau, Sylvain"]
[Result "1/2-1/2"]
[WhiteElo "2420"]
[BlackElo "2245"]

1.c4 Nf6 2.Nc3 c5 3.Nf3 d5 4.cxd5 Nxd5 5.g3 g6 6.Qb3 Nc7 7.Ne4 Ne6 8.Bh3 Bg7
9.Bxe6 Bxe6 10.Qxb7 Bd5 11.Qb5+ Bc6 12.Qc4 Bd5 13.Qa4+ Nc6 14.O-O O-O 15.Ne1 Nd4
16.Nc3 Qd6 17.d3 Bc6 18.Qd1 Rab8 19.f3 Rfd8 20.e3 Nb5 21.Qc2 Nxc3 22.bxc3 Bb5
23.Ba3 Bxd3 24.Nxd3 Qxd3 25.Qxd3 Rxd3 26.Bxc5 Bxc3 27.Rab1 Rxb1 28.Rxb1 Rd7
29.Rb3 Ba5 30.a4 f6 31.Rb5 Bd8 32.a5 Kf7 33.a6 Rd5 34.Kg2 Bb6 35.Rxb6 axb6
36.a7 Rd2+ 37.Kh3 Ra2 38.Bxb6 e5 39.e4 Ke6 40.g4 Kd7 41.Kg3 g5  1/2-1/2

[Event "Novi Sad"]
[Site "Novi Sad"]
[Date "1981.??.??"]
[Round "6"]
[White "Raicevic, Vladimir"]
[Black "Petran, Pal"]
[Result "0-1"]
[WhiteElo "2435"]
[BlackElo "2415"]

1.c4 Nf6 2.Nf3 e6 3.Nc3 c5 4.g3 b6 5.Bg2 Bb7 6.O-O Be7 7.d4 cxd4 8.Qxd4 O-O
9.b3 d6 10.Ba3 Na6 11.Rad1 Nc5 12.Nd2 e5 13.Qh4 Bxg2 14.Kxg2 Nd5 15.Nxd5 Bxh4
16.gxh4 Qxh4 17.Bxc5 dxc5 18.Nf3 Qe4 19.Rfe1 Qg4+ 20.Kh1 e4 21.Rg1 Qxg1+
22.Kxg1 exf3 23.exf3  0-1

[Event "Novi Sad"]
[Site "Novi Sad"]
[Date "1981.??.??"]
[Round "6"]
[White "Deze, Anton"]
[Black "Popov, Luben"]
[Result "1/2-1/2"]
[WhiteElo "2445"]
[BlackElo "2465"]

1.c4 c5 2.Nf3 Nf6 3.Nc3 e6 4.e3 Nc6 5.d4 d5 6.a3 cxd4 7.exd4 dxc4 8.Bxc4 Be7
9.O-O O-O 10.Re1 b6  1/2-1/2

[Event "Viking"]
[Site "Oslo"]
[Date "1981.??.??"]
[Round "1"]
[White "Stean, Michael"]
[Black "Happel, Hendrik A"]
[Result "0-1"]
[WhiteElo "2505"]
[BlackElo "2380"]

1.c4 Nf6 2.Nc3 e6 3.Nf3 c5 4.g3 b6 5.Bg2 Bb7 6.O-O Nc6 7.e4 d6 8.d4 cxd4
9.Nxd4 Nxd4 10.Qxd4 Be7 11.b3 O-O 12.Ba3 Qb8 13.Rad1 Rd8 14.f4 Bc6 15.f5 e5
16.Qd3 a6 17.Qe2 b5 18.cxb5 Bxb5 19.Nxb5 Qxb5 20.Rf2 Qxe2 21.Rxe2 Rac8 22.Red2 Rc6
23.Bf3 Kf8 24.Kf2 Rdc8 25.h4 Rc2 26.Ke2 d5 27.Bxe7+ Kxe7 28.exd5 Kd6 29.g4 e4
30.Bg2 Ke5 31.d6 Nxg4 32.d7 Rxd2+ 33.Rxd2 Rd8 34.b4 Nf6 35.Rc2 Rxd7 36.Rc6 Nd5
37.Rc5 Kd4 38.a3 Nf4+ 39.Kf1 Ke3 40.Rc3+ Rd3  0-1

[Event "Viking"]
[Site "Oslo"]
[Date "1981.??.??"]
[Round "2"]
[White "Tiller, Bjorn"]
[Black "Stean, Michael"]
[Result "1/2-1/2"]
[WhiteElo "2315"]
[BlackElo "2505"]

1.c4 Nf6 2.Nc3 c5 3.Nf3 e6 4.d4 cxd4 5.Nxd4 Bb4 6.g3 O-O 7.Bg2 d5 8.cxd5 Nxd5
9.Bd2 Bxc3 10.bxc3 e5 11.c4 Nb6 12.Nb3 Nc6 13.Na5 Qe7 14.Nxc6 bxc6 15.c5 Nc4
16.Rc1 Be6 17.Bc3 Qxc5 18.Qa4 Rfc8 19.O-O Bd5 20.Bxe5 Bxg2 21.Rxc4 Qxe5 22.Kxg2 Qxe2
23.Rxc6  1/2-1/2

[Event "US op"]
[Site "Palo Alto"]
[Date "1981.??.??"]
[Round "12"]
[White "Lobo, Richard"]
[Black "Tarjan, James Edward"]
[Result "0-1"]
[WhiteElo "2416"]
[BlackElo "2623"]

1.c4 c5 2.Nf3 Nf6 3.Nc3 d5 4.cxd5 Nxd5 5.g3 Nc6 6.Bg2 Nc7 7.O-O e5 8.d3 Be7
9.Nd2 Bd7 10.Nc4 O-O 11.f4 exf4 12.gxf4 f5 13.Be3 Rb8 14.Rc1 Kh8 15.Qe1 Rf6
16.Qf2 b6 17.Kh1 Re6 18.Ne5 Nxe5 19.fxe5 Rg6 20.Bf4 Ne6 21.e3 Bh4 22.Qd2 Qe8
23.Qe2 Rd8 24.Rcd1 Bc8 25.h3 Ba6 26.Bh2 Rg5 27.e4 g6 28.exf5 gxf5 29.Qe3 Rxg2
30.Kxg2 Bb7+ 31.Rf3 Nd4 32.Rf1 Qg6+ 33.Kh1 Rg8  0-1

[Event "Pamporovo"]
[Site "Pamporovo"]
[Date "1981.??.??"]
[Round "1"]
[White "Radev, Nikolai"]
[Black "Skrobek, Ryszard"]
[Result "1/2-1/2"]
[WhiteElo "2360"]
[BlackElo "2425"]

1.Nf3 c5 2.c4 Nf6 3.Nc3 d5 4.cxd5 Nxd5 5.g3 g6 6.Bg2 Bg7 7.O-O O-O 8.d3 Nxc3
9.bxc3 Bxc3 10.Rb1 Nc6 11.Qc2 Qa5 12.Bh6 Bg7 13.Bxg7 Kxg7 14.Rfc1 Rb8 15.Qxc5 Qxc5
16.Rxc5 Be6 17.a4 Rfc8 18.a5 Nd8 19.Rxc8 Rxc8 20.Nd4 Rc5 21.Nxe6+ fxe6 22.Bxb7 Rxa5
23.f4 e5 24.fxe5 Rxe5 25.Bf3 a5 26.Rb8 Ne6 27.Kf2 Nd4 28.Rd8 Nxf3 29.Kxf3 Kf6
30.e4 Rb5 31.Ke3 e5 32.Rd7 h5 33.h4 a4 34.Rd6+ Kf7 35.Ra6 Rb4 36.Kd2 Rb2+
37.Kc3 Ra2 38.Kc4 Ra1 39.Kd5 Rd1 40.Kxe5 Rxd3 41.Ra7+ Kf8 42.Rxa4 Rf3 43.Ke6 Kg7
44.e5 Rxg3 45.Ra7+ Kh6 46.Kf7 Rg4 47.e6 Rf4+ 48.Kg8 Rxh4 49.e7 Re4 50.Kf7 h4
51.Ra4 Rxe7+ 52.Kxe7 Kg5 53.Ke6 h3 54.Ke5 h2 55.Ra1 Kg4 56.Ke4 Kg3  1/2-1/2

[Event "Pernik"]
[Site "Pernik"]
[Date "1981.??.??"]
[Round "6"]
[White "Spiridonov, Nikola"]
[Black "Djuric, Stefan"]
[Result "1/2-1/2"]
[WhiteElo "2425"]
[BlackElo "2435"]

1.c4 c5 2.Nf3 Nf6 3.Nc3 d5 4.cxd5 Nxd5 5.g3 g6 6.Bg2 Bg7 7.O-O O-O 8.Nxd5 Qxd5
9.d3 Nc6 10.Be3 Qd6 11.Rc1 Bxb2 12.Rxc5 Ba3 13.Rc3 Bb4 14.Rc2 Bg4 15.Qb1 a5
16.h3 Bd7 17.Nd2 Bxd2 18.Rxd2 Nb4 19.Qb2 f6 20.Qd4 Qxd4 21.Bxd4 Bc6 22.Bc5 Kf7
23.Bxc6 bxc6 24.Rc1 Rfc8 25.Rb2 Rab8 26.Rcb1 Na6 27.Bb6 a4 28.Ba7 Rxb2 29.Rxb2 c5
30.a3 Rc7 31.Bb8 Nxb8 32.Rxb8 c4 33.dxc4 Rxc4 34.Ra8 g5 35.g4 Ke6 36.Kg2  1/2-1/2

[Event "Rubinstein mem"]
[Site "Polanica Zdroj"]
[Date "1981.??.??"]
[Round "7"]
[White "Schmidt, Wlodzimierz"]
[Black "Adamski, Jan"]
[Result "1/2-1/2"]
[WhiteElo "2475"]
[BlackElo "2420"]

1.Nf3 Nf6 2.c4 e6 3.Nc3 c5 4.g3 d5 5.cxd5 Nxd5 6.Bg2 Nc6 7.O-O Be7 8.d4 O-O
9.e4 Ndb4 10.dxc5 Bxc5 11.a3 Nd3 12.Qe2 Nxc1 13.Raxc1 e5 14.Rfd1 Bd4 15.h3  1/2-1/2

[Event "Quebec inv"]
[Site "Quebec"]
[Date "1981.??.??"]
[Round "?"]
[White "Spraggett, Kevin"]
[Black "Barbeau, Sylvain"]
[Result "1/2-1/2"]
[WhiteElo "2450"]
[BlackElo "2245"]

1.c4 Nf6 2.Nc3 c5 3.Nf3 d5 4.cxd5 Nxd5 5.d4 g6 6.e4 Nxc3 7.bxc3 Bg7 8.Be3 Bg4
9.Qa4+ Nc6 10.Rd1 O-O 11.Be2 cxd4 12.cxd4 Bxf3 13.gxf3 Qa5+ 14.Qxa5 Nxa5
15.O-O Rac8 16.d5 Rc2 17.Rd2 Rfc8 18.Rxc2 Rxc2 19.Rc1 Rxc1+ 20.Bxc1 Bc3 21.Be3 b6
22.Bf4 Nb7 23.Bb8 a5 24.Bc7 Bd4 25.e5 a4 26.f4 f6 27.exf6 exf6 28.Bb5 Bc5
29.Bxa4 Nd6 30.Kf1 Kf7 31.f3 Ke7 32.Ke2 Bd4 33.Kd3 Bc5 34.h3 Bf2 35.Bc6 Bc5
36.a4 Bf2 37.a5 bxa5 38.Bxa5 Bc5 39.Bc3 Bb6 40.Bb4 Ba7 41.Ke2 Bd4  1/2-1/2

[Event "Quebec inv"]
[Site "Quebec"]
[Date "1981.??.??"]
[Round "?"]
[White "Barbeau, Sylvain"]
[Black "Witt, Laszlo"]
[Result "1/2-1/2"]
[WhiteElo "2245"]
[BlackElo "2340"]

1.c4 Nf6 2.Nc3 c5 3.Nf3 g6 4.e3 Bg7 5.d4 O-O 6.Be2 cxd4 7.exd4 d5 8.O-O dxc4
9.Bxc4 Nbd7 10.d5 Nb6 11.Bb3 Bf5 12.Re1 Rc8 13.Ne5 Nfd7 14.Ng4 Bxg4 15.Qxg4 Nf6
16.Qf3 Qd7 17.Be3 Nc4 18.Bxc4 Rxc4 19.Bxa7 b5 20.Be3 b4 21.Ne2 Qxd5 22.Red1 Qxf3
23.gxf3 Rc2 24.Rd2 Rxd2 25.Bxd2 Nd5 26.Rb1 Rb8 27.Nf4 Nxf4 28.Bxf4 Rb7 29.b3 Bc3
30.Rc1 e5 31.Be3 f5 32.Rc2 Kf7 33.Kf1 Ke6 34.Ke2 f4 35.Bc1 Kd5 36.Kd3 g5
37.a4 Rf7 38.Bd2 Bxd2 39.Kxd2 e4 40.Ke2 Re7 41.Rc4 e3 42.Rxb4 exf2+ 43.Kxf2 Re3
44.a5 Rc3 45.Kg2 h5 46.a6 Rc2+ 47.Kh3 Ra2 48.Ra4 Rxa4 49.bxa4 Kc6 50.a5 Kc7
51.Kg2 g4 52.fxg4  1/2-1/2

[Event "Riga"]
[Site "Riga"]
[Date "1981.??.??"]
[Round "12"]
[White "Tal, Mihail"]
[Black "Tseshkovsky, Vitaly"]
[Result "1/2-1/2"]
[WhiteElo "2560"]
[BlackElo "2575"]

1.Nf3 Nf6 2.c4 c5 3.Nc3 e6 4.g3 b6 5.Bg2 Bb7 6.O-O Be7 7.Re1 d6 8.d4 cxd4
9.Nxd4 Bxg2 10.Kxg2 Qc8 11.Qd3 Nbd7 12.b3 Ne5 13.Qd2 d5 14.cxd5 Bb4 15.Bb2 Nxd5
16.Qg5 Bxc3 17.Bxc3 Qxc3 18.Qxe5 O-O 19.Rac1 Qd2 20.Red1 Qh6 21.Nc6 Rfe8
22.e4 Nf6 23.h3 Nd7 24.Qc7 Nc5 25.Rc4 e5 26.Rd5 f6 27.Rd6 Qh5 28.Nd8 Qg6
29.Qc6 Raxd8 30.Qd5+ Ne6 31.Rxd8 Rxd8 32.Qxe6+ Kf8 33.Rc7 Re8 34.Qd6+ Kg8
35.Qd5+ Kh8 36.Rxa7 h5 37.h4 Kh7 38.Ra8 Rxa8 39.Qxa8 Qg4 40.f3 Qd7 41.Qd5 Qc7
42.Qd2 b5 43.a3 Qc5 44.Qa2 Qc1  1/2-1/2

[Event "Rome"]
[Site "Rome"]
[Date "1981.??.??"]
[Round "?"]
[White "Zichichi, Alvise"]
[Black "Makropoulos, Georgios"]
[Result "0-1"]
[WhiteElo "2400"]
[BlackElo "2485"]

1.Nf3 c5 2.c4 Nf6 3.Nc3 b6 4.e4 d6 5.d4 cxd4 6.Nxd4 Bb7 7.f3 e6 8.Be3 a6
9.Be2 Nbd7 10.O-O Be7 11.Qd2 O-O 12.Rfd1 Qc7 13.Rac1 Rfe8 14.Bf1 Rac8 15.b3 Qb8
16.Kh1 Bf8 17.Bg1 Rcd8 18.Qb2 Qa8 19.Nc2 d5 20.exd5 exd5 21.Ne3 dxc4 22.Nxc4 Re6
23.Re1 Rxe1 24.Rxe1 b5 25.Ne3 Re8 26.Nc2 Ne5 27.Nxb5 Nxf3 28.Nc7 Nxe1 29.Nxa8 Re2
30.Bd4 Rxc2 31.Qb1 Nxg2 32.Qxc2 Ne3+ 33.Qg2 Nxg2 34.Bxg2 Bxg2+ 35.Kxg2 Nd5
36.Kf3 f5 37.Nb6 Nxb6 38.Bxb6 Kf7 39.Bd4 g5 40.Bc3 Ke6 41.a4 g4+ 42.Ke3 Bc5+
43.Ke2 Kd5  0-1

[Event "Rome"]
[Site "Rome"]
[Date "1981.??.??"]
[Round "?"]
[White "Kortschnoj, Viktor"]
[Black "Makropoulos, Georgios"]
[Result "1-0"]
[WhiteElo "2650"]
[BlackElo "2485"]

1.Nf3 c5 2.c4 Nf6 3.Nc3 b6 4.e4 d6 5.d4 cxd4 6.Nxd4 Bb7 7.Qe2 e6 8.g3 Nbd7
9.Bg2 a6 10.O-O Rc8 11.Bd2 Qc7 12.b3 b5 13.cxb5 Qb6 14.Qd3 Ne5 15.Na4 Qa7
16.b6 Qa8 17.Qe2 Nxe4 18.Rfc1 Nc5 19.Bxb7 Qxb7 20.Nxc5 Rxc5 21.Rxc5 dxc5
22.Qxe5 cxd4  1-0

[Event "Rome-B"]
[Site "Rome"]
[Date "1981.??.??"]
[Round "1"]
[White "De Eccher, Stefano"]
[Black "D'Amore, Carlo"]
[Result "0-1"]
[WhiteElo "2345"]
[BlackElo "2200"]

1.c4 Nf6 2.Nc3 c5 3.Nf3 d5 4.cxd5 Nxd5 5.d4 Nxc3 6.bxc3 g6 7.e3 Bg7 8.Bd3 O-O
9.O-O Qc7 10.Qe2 b6 11.Ba3 Bb7 12.Rac1 Rd8 13.Rfd1 Nd7 14.e4 e6 15.e5 Qc6
16.h4 Rac8 17.h5 Nf8 18.Rb1 gxh5 19.dxc5 Ng6 20.cxb6 axb6 21.Bd6 Qxc3 22.Ng5 Nf4
23.Bxh7+ Kh8 24.Qb2 Bh6 25.Qxc3 Ne2+ 26.Kf1 Nxc3 27.Nxf7+ Kxh7 28.Nxd8 Ba6+
29.Ke1 Nxb1 30.Rxb1 Rxd8 31.Rxb6 Bc4 32.a3 Ra8 33.Rb7+ Kg6 34.f3 Bc1 35.Rc7 Ra4
36.Kd1 Bb2 37.Kc2 Bd4 38.g4 hxg4 39.fxg4 Bd5 40.Kd3 Bb6 41.Rc8 Rxg4 42.Rg8+ Kf5
43.Rf8+ Kg5 44.Rb8 Rg3+ 45.Kd2 Bd4 46.Rf8 Rf3 47.Rg8+ Kf5 48.Rh8 Ke4 49.Rh4+ Rf4
50.Rh1 Rf2+ 51.Ke1 Ra2 52.Rh3 Be3  0-1

[Event "Sarajevo"]
[Site "Sarajevo"]
[Date "1981.??.??"]
[Round "1"]
[White "Kelecevic, Nedeljko"]
[Black "Drasko, Milan"]
[Result "1/2-1/2"]
[WhiteElo "2400"]
[BlackElo "2240"]

1.Nf3 Nf6 2.c4 e6 3.Nc3 c5 4.e3 d5 5.d4 Nc6 6.a3 a6 7.dxc5 Bxc5 8.b4 Ba7
9.Bb2 O-O 10.cxd5 exd5 11.Be2 d4 12.Nxd4 Nxd4 13.exd4 Bxd4 14.O-O Be6 15.Na4 Bxb2
16.Nxb2 Qe7 17.Bc4 Bxc4 18.Nxc4 Rfd8 19.Qf3  1/2-1/2

[Event "Sarajevo"]
[Site "Sarajevo"]
[Date "1981.??.??"]
[Round "14"]
[White "Uhlmann, Wolfgang"]
[Black "Psakhis, Lev"]
[Result "1/2-1/2"]
[WhiteElo "2475"]
[BlackElo "2500"]

1.c4 c5 2.Nf3 Nf6 3.Nc3 b6 4.e4 d6 5.d4 cxd4 6.Nxd4 Bb7 7.f3 e6 8.Be2 Nbd7
9.O-O a6 10.Be3 Be7 11.Qd2 O-O 12.Rfd1 Qc7 13.Rac1 Rfe8 14.Bf1 Rac8 15.Qf2 Qb8
16.Rc2 Bf8 17.Kh1 h6 18.Nb3 Ba8 19.Rdc1 Rcd8 20.Rd2 Rc8 21.Rcd1 Ne5 22.Na4 Nfd7
23.Nxb6 Nxb6 24.Bxb6 Nxc4 25.Ba7 Qb4 26.Rd4 d5 27.exd5 exd5 28.Rg4 Qe7 29.Bd4 Rc6
30.Qg3  1/2-1/2

[Event "Smederevska Palanka"]
[Site "Smederevska Palanka"]
[Date "1981.??.??"]
[Round "5"]
[White "Despotovic, Momcilo"]
[Black "Zivanovic, Ivan"]
[Result "1/2-1/2"]
[WhiteElo "2440"]
[BlackElo "2200"]

1.c4 c5 2.Nc3 e6 3.Nf3 Nf6 4.g3 b6 5.Bg2 Bb7 6.O-O Be7 7.b3 O-O 8.Bb2 d6
9.d4 cxd4 10.Qxd4 Nbd7 11.Rad1 a6 12.Ng5 Bxg2 13.Kxg2 Ne8 14.Nf3 Qc7  1/2-1/2

[Event "Smederevska Palanka"]
[Site "Smederevska Palanka"]
[Date "1981.??.??"]
[Round "10"]
[White "Ornstein, Axel"]
[Black "Ristic, Nenad"]
[Result "1-0"]
[WhiteElo "2475"]
[BlackElo "2340"]

1.Nf3 c5 2.c4 Nf6 3.Nc3 e6 4.g3 b6 5.Bg2 Bb7 6.O-O Be7 7.d4 cxd4 8.Qxd4 d6
9.Rd1 a6 10.e4 Nbd7 11.b3 Qc7 12.Qe3 O-O 13.Bb2 Rfe8 14.Rac1 Bf8 15.Nd4 Rac8
16.Qe2 Qb8 17.Qf1 Qa8 18.Re1 Nc5 19.f3 g6 20.Kh1 e5 21.Nc2 b5 22.cxb5 axb5
23.Nb4 Rb8 24.Red1 Na6 25.Nxa6 Bxa6 26.b4 Rbd8 27.a3 Bh6 28.Rc2 d5 29.exd5 Nxd5
30.Rxd5 Rxd5 31.f4 Bb7 32.Nxd5 Bxd5 33.fxe5 Bxg2+ 34.Qxg2 Qd8 35.h4 Qd1+
36.Kh2 Rd8 37.Qe2 Qxc2 38.Qxc2 Rd2+ 39.Qxd2 Bxd2 40.Kg2 Kf8 41.Kf2 Ke7 42.Ke2 Bh6
43.Kd3 Ke6 44.Kd4 Bf8 45.Bc1 h6 46.Bf4 g5 47.hxg5 h5 48.Be3 Be7 49.Ke4 Bd8
50.Kf4 Bc7 51.Bd4 Kd5 52.Bb2 Ke6 53.Bd4 Kd5 54.Bf2 Ke6 55.g6 f6 56.g4 Bxe5+
57.Kf3 h4 58.Bxh4 f5 59.g5 Bb2 60.Be1 Bc1 61.g7 Kf7 62.a4 bxa4 63.b5 f4 64.b6 Be3
65.Bf2  1-0

[Event "BUL-ch"]
[Site "Sofia"]
[Date "1981.??.??"]
[Round "6"]
[White "Spassov, Liuben"]
[Black "Popov, Luben"]
[Result "1/2-1/2"]
[WhiteElo "2460"]
[BlackElo "2445"]

1.Nf3 c5 2.c4 Nf6 3.Nc3 e6 4.e3 b6 5.d4 cxd4 6.exd4 Bb7 7.Bd3 d6 8.O-O Be7
9.Bf4 O-O 10.h3 a6 11.Rc1 Nbd7 12.Re1 Re8 13.Bh2 Bf8 14.a3 d5 15.cxd5 Nxd5
16.Ne4 N7f6 17.Be5 Nxe4 18.Bxe4 Bd6 19.h4 f5 20.Bb1 Bxe5 21.Rxe5 Nf4 22.Ba2 Bd5
23.Bxd5 Nxd5 24.Qb3 Qd7 25.Rce1 h6 26.h5 Kh7 27.Nh4 Nf4 28.Qf3 Qxd4 29.Nxf5 Qd2
30.Qg4 Rg8 31.Nh4 Rgf8 32.Ng6 Nxg6 33.hxg6+ Kh8 34.R5e2 Qd3 35.Rxe6 b5 36.Re7 Rad8
37.b4 Rd6 38.Re8 Rd8 39.Rxd8 Rxd8 40.Qe6 Rf8 41.Qf7 Qd8 42.Qe6 Qd2 43.Re2 Qc1+
44.Kh2 Qf4+ 45.Kh3 Qg5 46.Qg4 Qd5 47.Re3 Qc6 48.Qe6 Qb7 49.Rf3 Rxf3+ 50.gxf3 Qxf3+
51.Kh2 Qxf2+ 52.Kh1 Qf3+ 53.Kh2 Qf4+ 54.Kh3 Qf1+ 55.Kh2 Qf2+ 56.Kh1  1/2-1/2

[Event "BUL-ch"]
[Site "Sofia"]
[Date "1981.??.??"]
[Round "13"]
[White "Lukov, Valentin"]
[Black "Velikov, Petar"]
[Result "1/2-1/2"]
[WhiteElo "2395"]
[BlackElo "2460"]

1.c4 c5 2.Nf3 Nf6 3.Nc3 e6 4.g3 b6 5.e4 Bb7 6.Qe2 Nc6 7.Bg2 d6 8.O-O Be7
9.Rd1 a6 10.d4 cxd4 11.Nxd4 Nxd4 12.Rxd4 Qc7 13.b3 O-O 14.Bb2 Rfd8 15.h3 Rac8
16.Kh2 Bc6 17.Re1 Bf8 18.f4 Nd7 19.Red1 Nc5 20.R1d2 Re8 21.Rd1  1/2-1/2

[Event "Tallinn"]
[Site "Tallinn"]
[Date "1981.??.??"]
[Round "5"]
[White "Bagirov, Vladimir"]
[Black "Gipslis, Aivars"]
[Result "1/2-1/2"]
[WhiteElo "2505"]
[BlackElo "2470"]

1.Nf3 Nf6 2.c4 c5 3.Nc3 e6 4.g3 b6 5.Bg2 Bb7 6.O-O Be7 7.d4 cxd4 8.Qxd4 Nc6
9.Qd2 O-O 10.b3 Qc7 11.Bb2 Rad8 12.Rac1 Qb8 13.e4 d6 14.Rfd1 a6  1/2-1/2

[Event "Tallinn"]
[Site "Tallinn"]
[Date "1981.??.??"]
[Round "11"]
[White "Nei, Iivo"]
[Black "Gipslis, Aivars"]
[Result "1/2-1/2"]
[WhiteElo "2495"]
[BlackElo "2470"]

1.c4 c5 2.Nc3 Nf6 3.Nf3 e6 4.g3 b6 5.Bg2 Bb7 6.O-O Be7 7.d4 cxd4 8.Nxd4 Bxg2
9.Kxg2 Qc8 10.Bf4 O-O 11.Ndb5 a6 12.Bd6 Nc6 13.Bxe7 Nxe7 14.Nd6 Qc6+ 15.f3 Nc8
16.Nde4 Nxe4 17.Nxe4 Qxc4 18.Qxd7 Qxe2+ 19.Rf2 Qb5 20.Rd1 Qxd7 21.Rxd7 b5
22.Rb7 Rd8 23.Rc2 Nd6 24.Nxd6 Rxd6 25.g4 g5 26.Kg3 Kg7 27.Rcc7 Rf8 28.h4 h6
29.Ra7 Kg6 30.h5+ Kf6 31.b4  1/2-1/2

[Event "Tallinn"]
[Site "Tallinn"]
[Date "1981.??.??"]
[Round "13"]
[White "Vooremaa, Andres"]
[Black "Ftacnik, Lubomir"]
[Result "0-1"]
[WhiteElo "2415"]
[BlackElo "2520"]

1.Nf3 Nf6 2.c4 c5 3.Nc3 e6 4.g3 b6 5.Bg2 Bb7 6.O-O Be7 7.b3 O-O 8.Bb2 a6
9.d4 cxd4 10.Qxd4 d6 11.e4 Nbd7 12.Rfd1 Qc7 13.Rac1 Rad8 14.h3 Rfe8 15.Kh2 Nc5
16.Ne1 h5 17.Qe3 h4 18.Kh1 hxg3 19.fxg3 Nh7 20.Nf3 Bf6 21.Rc2 Qb8 22.g4 Qa8
23.Nd4 d5 24.e5 Bg5 25.Qe2 dxc4 26.Qxc4 Bxg2+ 27.Rxg2 Nf8 28.b4 Ncd7 29.Qc6 Nxe5
30.Qxa8 Rxa8 31.Ne4 Be7 32.Nxe6 Nxe6 33.Bxe5 Bxb4 34.Bd6 Rad8 35.Rb2 Nc5
36.Nxc5 bxc5 37.Rb3 Re6 38.a3 Rexd6 39.Rxd6 Rxd6 40.axb4 Rb6  0-1

[Event "Trencianske Teplice"]
[Site "Trencianske Teplice"]
[Date "1981.??.??"]
[Round "2"]
[White "Hoelzl, Franz"]
[Black "Privara, Igor"]
[Result "1-0"]
[WhiteElo "2390"]
[BlackElo "2245"]

1.c4 Nf6 2.Nc3 c5 3.Nf3 e6 4.g3 Nc6 5.Bg2 Be7 6.d4 d5 7.cxd5 Nxd5 8.O-O O-O
9.e4 Ndb4 10.dxc5 Bxc5 11.e5 Qc7 12.Qe2 b6 13.Qe4 Ba6 14.Rd1 Rad8 15.Bg5 Bd3
16.Qh4 Ne7 17.Rd2 Rd7 18.Rad1 Ng6 19.Qh3 Nxe5 20.Bf4 Nxf3+ 21.Bxf3 Qd8 22.a3 Nc2
23.Rxd3 Rxd3 24.Rxd3 Bxf2+ 25.Kh1  1-0

[Event "Tirnava"]
[Site "Trnava"]
[Date "1981.??.??"]
[Round "2"]
[White "Cvetkovic, Srdjan"]
[Black "Magerramov, Elmar"]
[Result "0-1"]
[WhiteElo "2410"]
[BlackElo "2435"]

1.c4 Nf6 2.Nc3 c5 3.Nf3 e6 4.e3 d5 5.d4 cxd4 6.exd4 Bb4 7.Bd2 O-O 8.c5 b6
9.a3 Bxc3 10.Bxc3 Ne4 11.Rc1 a5 12.Be2 Ba6 13.O-O Bxe2 14.Qxe2 bxc5 15.dxc5 Nc6
16.Ne5 Qc7 17.Nxc6 Qxc6 18.Bd4 a4 19.f3 Nf6 20.Qe5 Ne8 21.f4 f6 22.Qe2 Nc7
23.Rf3 Rab8 24.Re1 Nb5 25.Bf2 Rfe8 26.Qd1 d4 27.Qxa4 Qxc5 28.Qd1 e5 29.fxe5 fxe5
30.b4 Qc4 31.Qb3 Qxb3 32.Rxb3 Ra8 33.Bg3 e4 34.Ra1 Ra4 35.Kf1 Rc8 36.Re1 d3  0-1

[Event "Tuzla"]
[Site "Tuzla"]
[Date "1981.??.??"]
[Round "10"]
[White "Suba, Mihai"]
[Black "Bukic, Enver"]
[Result "1-0"]
[WhiteElo "2500"]
[BlackElo "2485"]

1.c4 c5 2.Nf3 Nf6 3.Nc3 d5 4.cxd5 Nxd5 5.e4 Nb4 6.Bc4 Nd3+ 7.Ke2 Nf4+ 8.Kf1 Ne6
9.Ne5 Nc6 10.Nxc6 bxc6 11.d3 g6 12.Na4 Qd6 13.Be3 Bg7 14.Rc1 O-O 15.Qd2 Kh8
16.Bxe6 Bxe6 17.Nxc5 Rad8 18.Bf4 Qd4 19.b3 Bc8 20.Ke2 f5 21.Rc4 Qf6 22.e5 Qf7
23.Re1 g5 24.Bxg5 Bxe5 25.Kf1 Bd6 26.Qc3+ Kg8 27.Bh6 Rfe8 28.Ne6 Bxe6 29.Rxe6 Bxh2
30.Rh4 Rd6 31.Re1 Red8 32.Rxh2 Rxd3 33.Qe5  1-0

[Event "URS-FL49"]
[Site "Volgodonsk"]
[Date "1981.??.??"]
[Round "15"]
[White "Dorfman, Josif D"]
[Black "Anikaev, Yuri N"]
[Result "0-1"]
[WhiteElo "2505"]
[BlackElo "2425"]

1.c4 c5 2.Nf3 Nf6 3.Nc3 d5 4.cxd5 Nxd5 5.g3 Nc6 6.Bg2 Nc7 7.a3 f6 8.Rb1 e5
9.O-O Bf5 10.d3 Qd7 11.Be3 Rc8 12.b4 cxb4 13.axb4 Bxb4 14.Na2 a5 15.Nxb4 axb4
16.Nd2 Nd5 17.Nc4 Nc3 18.Qd2 Qe7 19.Nb6 Rd8 20.Bxc6+ bxc6 21.Rb3 O-O 22.Rxc3 bxc3
23.Qxc3 Qe6 24.f3 Bg6 25.Bc5 Rf7 26.Ra1 Rb7 27.Ra6 h5 28.Kg2 Be8 29.Bf2 Rdb8
30.h3 Qf7 31.Qa3 Qe6 32.Qc3 Kh7 33.Qc2 Kh8 34.Qc3 Kg8 35.Qc2 Qf7 36.Qa4 c5
37.Qa5 Qb3 38.Bxc5 Qb2 39.Kf2 Bb5 40.Nc4 Bxc4 41.dxc4 Qc2 42.Ra8 Rb2 43.Rxb8+ Rxb8
44.Bb6 Qxc4 45.g4 Qf7 46.Be3 Rb2 47.Qc3 Rb8 48.Qd3 Re8 49.Qe4 hxg4 50.hxg4 g5
51.Kg2 Kg7 52.Qa4 Qe6 53.Qe4 Re7 54.Qc2 Rb7 55.Bf2 Qb3 56.Qc8 Qb5 57.e4 Qd7
58.Qc2 Rc7 59.Qb2 Kg6 60.Qb1 Rc8 61.Qh1 Qd3 62.Qf1 Qxf1+ 63.Kxf1 Kf7 64.Bb6 Ke6
65.Ke2 Kd6 66.Kd3 Kc6 67.Bg1 Kb5 68.Ba7 Rd8+ 69.Ke2 Rd6 70.Bf2 Kc4 71.Be1 Ra6
72.Ke3 Ra1 73.Bg3 Kc3 74.Ke2 Rg1 75.Kf2 Rd1 76.Ke2 Kc2 77.Ke3 Rd3+ 78.Ke2 Rd2+
79.Ke1 Kd3 80.Bf2 Rxf2 81.Kxf2 Kd2  0-1

[Event "URS-FL49"]
[Site "Volgodonsk"]
[Date "1981.??.??"]
[Round "16"]
[White "Yermolinsky, Alex"]
[Black "Mikhalchishin, Adrian"]
[Result "1/2-1/2"]
[WhiteElo "2450"]
[BlackElo "2545"]

1.Nf3 Nf6 2.c4 c5 3.Nc3 d5 4.cxd5 Nxd5 5.e3 Nxc3 6.bxc3 g6 7.Bb5+ Bd7 8.a4 Bg7
9.O-O O-O 10.Ba3 Qc7 11.d4 Bxb5 12.axb5 Nd7 13.Qe2 e5 14.e4 a6 15.dxc5 Nxc5
16.Bxc5 Qxc5 17.bxa6 Rxa6 18.Rxa6 bxa6 19.Qxa6 Qxc3  1/2-1/2

[Event "Vrsac"]
[Site "Vrsac"]
[Date "1981.??.??"]
[Round "1"]
[White "Kapelan, Milorad"]
[Black "Rajkovic, Dusan"]
[Result "0-1"]
[WhiteElo "2305"]
[BlackElo "2470"]

1.Nf3 Nf6 2.c4 c5 3.Nc3 b6 4.g3 e6 5.Bg2 Bb7 6.O-O Be7 7.d4 cxd4 8.Qxd4 d6
9.b3 O-O 10.Bb2 a6 11.Rfd1 Nbd7 12.Ng5 Bxg2 13.Kxg2 Qc7 14.f3 Rfd8 15.Nge4 Ne8
16.Qe3 Qb7 17.Ba3 Nf8 18.Bb4 Rac8 19.a4 Rc6 20.Rd2 h6 21.Kg1 f5 22.Nf2 Bf6
23.Rad1 Qc8 24.Na2 Rd7 25.Ba3 Qb7 26.Qd3 Ng6 27.f4 b5 28.cxb5 axb5 29.a5 d5
30.Qe3 Qa7 31.Qxa7 Rxa7 32.b4 Nd6 33.Rc1 Nc4 34.Rdc2 Rca6 35.Rxc4 dxc4 36.Nc3 Bxc3
37.Rxc3 Rd6 38.Bc1 Ne7 39.Be3 Nd5 40.Bxa7 Nxc3 41.Bc5 Rd2 42.a6 Ra2  0-1

[Event "Vrsac"]
[Site "Vrsac"]
[Date "1981.??.??"]
[Round "2"]
[White "Cebalo, Miso"]
[Black "Ftacnik, Lubomir"]
[Result "1/2-1/2"]
[WhiteElo "2500"]
[BlackElo "2525"]

1.c4 c5 2.Nf3 Nf6 3.Nc3 e6 4.g3 b6 5.Bg2 Bb7 6.O-O Be7 7.d4 cxd4 8.Qxd4 d6
9.Rd1 a6 10.b3 Nbd7 11.e4 Qc7 12.Ba3 Nc5 13.e5 dxe5 14.Qxe5 Qc8 15.Qe3 O-O
16.Na4 Ng4 17.Qe1 Qc7 18.Nxc5 Bxc5 19.Bxc5 Qxc5 20.h3 Nf6 21.Ne5 Bxg2 22.b4 Qc7
23.Kxg2 Rfd8 24.Qe3 b5 25.Rxd8+ Rxd8 26.Rc1 bxc4 27.Rxc4 Qb7+ 28.Nc6 h6 29.Qa7 Qxa7
30.Nxa7 Rd2 31.a4 Ra2 32.Rc8+ Kh7 33.a5 Ne4 34.Kf3 f5 35.Rc6 Rxf2+ 36.Ke3 Rb2
37.Rxe6 Rb3+ 38.Kf4 Nxg3 39.Rxa6 g5+ 40.Ke5 f4 41.Nc6 f3 42.Nd4 Re3+ 43.Kd5 f2
44.Rf6 f1=Q 45.Rxf1 Nxf1 46.b5 Ra3 47.Nc6 h5 48.b6 Rb3 49.Nd4 Rb1 50.Kc6 Ne3
51.b7 Nc4 52.a6 Na5+ 53.Kc7 Nxb7 54.axb7  1/2-1/2

[Event "Vrsac"]
[Site "Vrsac"]
[Date "1981.??.??"]
[Round "7"]
[White "Smejkal, Jan"]
[Black "Ftacnik, Lubomir"]
[Result "1/2-1/2"]
[WhiteElo "2540"]
[BlackElo "2525"]

1.c4 c5 2.Nf3 Nf6 3.Nc3 e6 4.g3 Nc6 5.Bg2 d5 6.cxd5 Nxd5 7.O-O Be7 8.b3 O-O
9.Bb2 Bf6 10.Qc1 b6 11.Nxd5 exd5 12.d4 Nxd4 13.Nxd4 cxd4 14.Qd2 Ba6 15.Bxd4 Re8
16.Rfe1 Rxe2 17.Rxe2 Bxe2 18.Qxe2 Bxd4 19.Rd1 Qf6 20.Bxd5 Rf8 21.Rd3 Bc5
22.Bc4 Qc6 23.Qd2 h5 24.Qf4 Qg6 25.h4 Qg4 26.Qxg4 hxg4 27.Rd7 a5 28.h5 Kh7
29.Bxf7 Kh6 30.Kf1 Rc8 31.Ke2 Rc6 32.f4 gxf3+ 33.Kxf3 Rd6 34.Rxd6+ Bxd6 35.g4 Kg5
36.Be8 Kf6 37.Ke4 Bc5 38.Kd5 Bg1 39.Kc6 Ke7 40.Bg6 Kf6  1/2-1/2

[Event "Vrsac"]
[Site "Vrsac"]
[Date "1981.??.??"]
[Round "7"]
[White "Petrosian, Tigran V"]
[Black "Chandler, Murray G"]
[Result "1/2-1/2"]
[WhiteElo "2585"]
[BlackElo "2530"]

1.c4 c5 2.Nc3 Nf6 3.Nf3 e6 4.e3 d5 5.cxd5 Nxd5 6.d4 cxd4 7.exd4 Bb4 8.Bd2 Nc6
9.Bd3 Be7 10.Rc1 O-O 11.h4 h6 12.Bb1 f5 13.Be3 Qd6 14.Nxd5  1/2-1/2